Automatioc feedback control system Synthesis / (Record no. 183937)
[ view plain ]
| 000 -LEADER | |
|---|---|
| fixed length control field | 00904 a2200169 4500 |
| 003 - CONTROL NUMBER IDENTIFIER | |
| control field | Nust |
| 005 - DATE AND TIME OF LATEST TRANSACTION | |
| control field | 20230327111844.0 |
| 040 ## - CATALOGING SOURCE | |
| Transcribing agency | Nust |
| 082 ## - DEWEY DECIMAL CLASSIFICATION NUMBER | |
| Classification number | 629.83,TRU |
| 100 ## - MAIN ENTRY--PERSONAL NAME | |
| Personal name | John J. Truxal |
| 9 (RLIN) | 111434 |
| 245 ## - TITLE STATEMENT | |
| Title | Automatioc feedback control system Synthesis / |
| Statement of responsibility, etc. | John G. Truxal |
| 260 ## - PUBLICATION, DISTRIBUTION, ETC. | |
| Place of publication, distribution, etc. | New York |
| Name of publisher, distributor, etc. | Mc Graw-Hill |
| Date of publication, distribution, etc. | 1955 |
| 300 ## - PHYSICAL DESCRIPTION | |
| Extent | 675p |
| 505 ## - FORMATTED CONTENTS NOTE | |
| Formatted contents note | Introduction (Page-1), Signal Flow Diagrams and Feedback Theory (Page-88), Synthesis of RC Networks (Page-161), Root-Locus Methods (Page-223), Synthesis Through Pole-Zero Configurations (Page-278), Design in the Plane (Page-317), Principles of Statistical Design (Page-410), Application of Statistical Design Principles (Page-444), Sampled Data Control Systems (Page-500), Nonlinear Systems and Describing Function Analysis (Page-559), Phase-Plane Analysis (Page-613). |
| 650 ## - SUBJECT ADDED ENTRY--TOPICAL TERM | |
| Topical term or geographic name entry element | Automatioc feedback control system |
| 9 (RLIN) | 111435 |
| 942 ## - ADDED ENTRY ELEMENTS (KOHA) | |
| Source of classification or shelving scheme | |
| Koha item type | Book |
| Withdrawn status | Lost status | Source of classification or shelving scheme | Damaged status | Not for loan | Permanent Location | Current Location | Shelving location | Date acquired | Full call number | Barcode | Date last seen | Price effective from | Koha item type | Public note |
|---|---|---|---|---|---|---|---|---|---|---|---|---|---|---|
| Military College of Signals (MCS) | Military College of Signals (MCS) | General Stacks | 12/12/2016 | 629.83,TRU | MCS5645 | 12/08/2016 | 12/12/2016 | Book | Almirah No.74, Shelf No.7 |
